000 00751nam a22002177a 4500
003 UA-OsUOA
001 112767
007 ta
008 20150728b un ||||| |||| 00| 0 ukr d
100 _aМатюха М.
090 _a657
_bМ35
942 _cSA
040 _aUA-OsUOA
_bukr
_cUA-OsUOA
_dUA-OsUOA
245 _aОсобливості інформаційних завдань та результатів формування управлінської звітності
300 _aС.45
955 _a0
041 _aukr
080 _a657
773 0 _w112763
_tБухгалтерський облік і аудит
_dК.
_d2015
_g6
650 7 _a657 Бухгалтерія. Бухгалтерський облік. Рахівництво
_2UDC
999 _c398731
_d398731